000 00594nam a2200229Ia 4500
003 OSt
005 20221007074239.0
006 a|||||r|||| 00| 0
007 ta
008 221006b |||||||| |||| 00| 0 eng d
024 _a11,555
037 _cTextual
040 _aFLL
_cFLL
_beng
041 _2eng
_aeng
082 _aV2.N5, L6
100 _aGowda K.S.M Au.
_9692807
245 0 _aFor power or for people
260 _aMysore
_bGeetha book house Mysore
_c1976
300 _a336p
_ccm.
942 _hV2.N5, L6
_cTEXL
_2CC
999 _c1151671
_d1151671